The concept of justice in comparative perspective /
Saved in:
| Main Author: | |
|---|---|
| Format: | Thesis Book |
| Language: | English |
| Published: |
1995.
|
| Subjects: | |
| Online Access: | http://studentsrepo.um.edu.my/id/eprint/8202 |
| Tags: |
Add Tag
No Tags, Be the first to tag this record!
|
| LEADER | 00973cam a2200289 a 4500 | ||
|---|---|---|---|
| 001 | u31039 | ||
| 003 | SIRSI | ||
| 008 | 830517s1995 my t 00 00 eng m | ||
| 035 | |a AAD-3494 | ||
| 040 | |a UMU | ||
| 092 | |a K668 |b Kak |d CS | ||
| 100 | 1 | 0 | |a Kakembo, A. S. W. |
| 245 | 1 | 4 | |a The concept of justice in comparative perspective / |c by A.S.W. Kakembo. |
| 260 | |c 1995. | ||
| 300 | |a 253 p. ; |c 30 cm. | ||
| 500 | |a PUU. | ||
| 502 | |a Dissertation (LL.M) -- Fakulti Undang-Undang, Universiti Malaya, 1996. | ||
| 504 | |a Bibliography: p. 246-253. | ||
| 650 | 0 | |a Justice. | |
| 650 | 0 | |a Social justice. | |
| 650 | 0 | |a Comparative law. | |
| 710 | 2 | 0 | |a Universiti Malaya. |b Fakulti Undang-Undang. |
| 856 | 4 | 1 | |u http://studentsrepo.um.edu.my/id/eprint/8202 |
| 948 | |a 16/03/1991 |b 24/03/2004 | ||
| 596 | |a 4 | ||
| 999 | |a K668 KAK |w LACLL |c 1 |i A504739395 |l RESTRICTED |m P04UNDANG |r N |s Y |t TESIS |u 3/10/1996 | ||
| 999 | |a K668 KAK |w LACLL |c 2 |i A504748616 |l RESTRICTED |m P04UNDANG |r N |s Y |t TESIS |u 4/11/1996 | ||
